| 000 | 01013nam a2200277 i 4500 | ||
|---|---|---|---|
| 001 | 136806 | ||
| 003 | ES-MaACL | ||
| 005 | 20240328063536.0 | ||
| 007 | t| | ||
| 008 | 070214s1959 sp r ||||1| spa d | ||
| 017 |
_aPM 90-1959 _bOficina Depósito Legal Mallorca |
||
| 040 | _cES-MaACL | ||
| 080 | _a946"1870/73" | ||
| 080 | _a929 Amadeo I, rey de España | ||
| 100 | 1 |
_aSagreda, Ana de _9101450 _eaut |
|
| 245 | 1 | 0 |
_aAmadeo y María Victoria, reyes de España, 1870-1873 / _cAna de Sagreda. |
| 260 |
_aPalma de Mallorca : _b[s.n.], _c1959 _f(Imp. Mossén Alcover) |
||
| 300 |
_a429 páginas, 20 láminas : _bilustraciones ; _c23 cm. |
||
| 600 | 0 | 4 |
_921073 _aAmadeo _bI, _cRey de España |
| 600 | 0 | 4 |
_9235654 _aMaría Victoria, _cReina consorte de Amadeo I, Rey de España, _d1847-1876 |
| 651 | 4 |
_98261 _aEspaña- _xHistoria- _y1870-1873, Amadeo I |
|
| 852 |
_aES-MaACL _bR.44288 _cMES _jC-16517 |
||
| 942 |
_cMONOGRAFIA _n0 |
||
| 999 |
_c136806 _d136806 |
||